MARC

LEADER 00000nam0a2200000 4500
001 36260
005 20231101210347.0
035 |a (RuTPU)RU\TPU\book\36730 
035 |a BOOK00003382 
090 |a 36260 
100 |a 20011210d1984 m y0rusy50 ca 
101 0 |a rus 
102 |a RU 
105 |a a j 000zy 
200 1 |a Металловедение и термическая обработка металлов  |e учебник  |f Ю. М. Лахтин 
205 |a 3-е изд., перераб. и доп. 
210 |a Москва  |c Металлургия  |d 1984 
215 |a 359 с.  |c ил. 
451 1 |0 (RuTPU)RU\TPU\book\28866  |y 5-229-00844-X  |t Металловедение и термическая обработка металлов  |o учебник  |f Ю. М. Лахтин  |e 4-е изд., перераб. и доп.  |c М.  |n Металлургия  |d 1993  |p 446 с.  |a Лахтин, Юрий Михайлович 
451 1 |0 (RuTPU)RU\TPU\book\133969  |t Металловедение и термическая обработка металлов  |o учебник для техникумов  |f Ю. М. Лахтин  |e 2-е изд., перераб. и доп.  |c М.  |n Металлургия  |d 1979  |p 320 с.  |a Лахтин, Юрий Михайлович 
606 1 |a Металловедение  |x Общие вопросы  |2 stltpush  |3 (RuTPU)RU\TPU\subj\42403  |9 62070 
606 1 |a Термическая обработка металлов  |2 stltpush  |3 (RuTPU)RU\TPU\subj\68426  |9 83756 
610 1 |a металлы 
610 1 |a термическая обработка 
610 1 |a строение 
610 1 |a пластическая деформация 
610 1 |a рекристаллизация 
610 1 |a теория 
610 1 |a учебники 
675 |a 669.017(075.8)  |v 3 
675 |a 621.785(075.8)  |v 3 
700 1 |a Лахтин  |b Ю. М.  |g Юрий Михайлович 
801 0 |a RU  |b 63413507  |c 20011210  |g PSBO 
801 2 |a RU  |b 63413507  |c 20221226  |g PSBO 
900 |a Спецкурс 56 
942 |c BK